Dad's Army : (Record no. 587697)

MARC details
000 -LEADER
fixed length control field 00475nam a2200193 a 4500
008 - FIXED-LENGTH DATA ELEMENTS--GENERAL INFORMATION
fixed length control field 250917s2008##################000#0#eng##
020 ## - INTERNATIONAL STANDARD BOOK NUMBER
ISBN 9780007285303
082 04 - DEWEY DECIMAL CLASSIFICATION NUMBER
Classification number 791.4572
Item number WEB
100 1# - MAIN ENTRY--AUTHOR NAME
Personal name Webber, Richard,
245 10 - TITLE STATEMENT
Title Dad's Army :
260 ## - PUBLICATION, DISTRIBUTION, ETC. (IMPRINT)
Name of publisher HarperCollins UK,
Year of publication 2008.
300 ## - PHYSICAL DESCRIPTION
Number of Pages 17 pages
650 #0 - SUBJECT ADDED ENTRY--TOPICAL TERM
Topical Term Biography & Autobiography.
942 ## - ADDED ENTRY ELEMENTS (KOHA)
Koha item type English Books
Holdings
Withdrawn status Lost status Damaged status Not for loan Home library Current library Shelving location Date acquired Full call number Accession Number Price effective from Koha item type
        Anna Centenary Library Anna Centenary Library 6TH FLOOR, B WING 17.09.2025 791.4572 WEB 485971 17.09.2025 English Books

Find us on the map